000 01003cam a2200277 i 4500
999 _c25618
_d25618
001 25618
003 Mx-PuUPA
005 20220510154724.0
008 140415s1997 waua r 000 0 eng d
040 _aMx-PuUPA
_bspa
_cMx-PuUPA
_dMx-PuUPA
_erda
041 0 _aeng
100 1 _aLattes, Raffaele,
_d1910-
_eautor
_98762
245 1 0 _aTumors of the soft tissues /
_bby Raffaele Lattes
264 1 _aWashington :
_bArmed Forces Institute of Pathology,
_c1982
300 _a264 páginas :
_bilustraciones (algunas a color) ;
_c27 cm.
336 _atexto
_2rdacontent
_btxt
337 _asin medio
_2rdamedia
_bn
338 _avolumen
_2rdacarrier
_bnc
490 0 _aAtlas of tumor pathology ; Second series
_vfascicle 1 / Revised
650 4 _aTumores
_vAtlas
650 4 _aHistología patológica
_vAtlas
942 _2ddc
_cLI
_h616.994
_iL351